| 000 | 00522nam a22002057a 4500 | ||
|---|---|---|---|
| 003 | OSt | ||
| 005 | 20140310181702.0 | ||
| 007 | OSt | ||
| 008 | 121119t xxu||||| |||| 00| 0 eng d | ||
| 022 | _2086163182X | ||
| 050 |
_aPZ 7 _b.B661 1987 |
||
| 082 |
_aKF _bB62r 1987 |
||
| 100 |
_aBlyton, Enid _94844 |
||
| 245 |
_aThe Rabbit's Whiskers and other stories _cby Enid Blyton |
||
| 260 |
_aLondon _bAwards Publications _c1987 |
||
| 300 |
_a192 p., _c19 cm. |
||
| 541 | _j1 | ||
| 562 | _e1 | ||
| 942 |
_2lcc _cBK-KF _kKF |
||
| 999 |
_c1245 _d1245 |
||